[Event "Verkhnya Salda-ch"]
[Site "Verkhnya Salda"]
[Date "2010.03.14"]
[Round "11"]
[White "Yaschenko, Yury"]
[Black "Tretyakov, Evgeny"]
[Result "0-1"]
[WhiteElo "1978"]
[BlackElo "2194"]
[PlyCount "116"]
[EventDate "2010.02.13"]
[EventType "tourn"]
[EventRounds "11"]
[EventCountry "RUS"]
[SourceTitle "EXT 2022"]
[Source "ChessBase"]
[SourceDate "2021.10.06"]
[SourceVersion "1"]
[SourceVersionDate "2021.10.06"]
[SourceQuality "1"]

1. e4 c5 2. Nf3 d6 3. d4 cxd4 4. Nxd4 Nf6 5. Nc3 a6 6. Be2 e6 7. 0-0 Be7 8. Be3 0-0 9. f4 Qc7 10. Bf3 Nc6 11. Qe1 Nxd4 12. Bxd4 e5 13. fxe5 dxe5 14. Be3 Be6 15. Rd1 Bc5 16. Rf2 Rac8 17. Na4 Bxe3 18. Qxe3 b5 19. Nb6 Qc5 20. Qxc5 Rxc5 21. Rfd2 g5 22. g3 Kg7 23. c3 Rb8 24. Rd6 a5 25. a3 b4 26. axb4 axb4 27. c4 b3 28. R1d3 Rb7 29. Re3 Ne8 30. Na4 Rxc4 31. Ra6 Rc1+ 32. Kf2 Rc2+ 33. Kg1 Bd7 34. Nb6 Bb5 35. Ra3 Rxb6 36. Rexb3 Nd6 37. Ra5 Rc5 38. Kf2 Nc4 39. Ra7 Rf6 40. Rc3 g4 41. b3 Rxf3+ 42. Rxf3 gxf3 43. bxc4 Rxc4 44. Kxf3 Bc6 45. Ra5 Bxe4+ 46. Ke3 f6 47. h4 Bc6 48. Ra7+ Kg6 49. h5+ Kxh5 50. Rxh7+ Kg6 51. Re7 Rc3+ 52. Kf2 Kf5 53. Rc7 Ke4 54. g4 Kf4 55. Rf7 Rc2+ 56. Ke1 Ke3 57. Kd1 Ba4 58. Ra7 Rc4+ 0-1

[Event "Verkhnya Salda-ch"]
[Site "Verkhnya Salda"]
[Date "2010.03.13"]
[Round "10"]
[White "Tretyakov, Evgeny"]
[Black "Figura, Aleksandar"]
[Result "1-0"]
[WhiteElo "2194"]
[BlackElo "2002"]
[PlyCount "97"]
[EventDate "2010.02.13"]
[EventType "tourn"]
[EventRounds "11"]
[EventCountry "RUS"]
[SourceTitle "EXT 2022"]
[Source "ChessBase"]
[SourceDate "2021.10.06"]
[SourceVersion "1"]
[SourceVersionDate "2021.10.06"]
[SourceQuality "1"]

1. c4 Nf6 2. Nc3 e6 3. e4 d6 4. d4 c5 5. Nf3 cxd4 6. Nxd4 Be7 7. Be2 0-0 8. 0-0 a6 9. Be3 Nc6 10. Rc1 Bd7 11. Qd2 Rc8 12. f3 Ne5 13. b3 Qa5 14. Nd5 Qd8 15. Nxe7+ Qxe7 16. Bg5 h6 17. Bf4 Ng6 18. Bg3 Nh5 19. Nf5 exf5 20. Bxd6 Qe6 21. exf5 Qxf5 22. g4 Qg5 23. Qxg5 hxg5 24. gxh5 Nf4 25. Bxf4 gxf4 26. Rfd1 Bc6 27. Rd4 Rfe8 28. Kf2 Re5 29. Rxf4 Rxh5 30. h4 Re5 31. Rd4 Rce8 32. Rc2 Re3 33. Rd3 R3e5 34. Rcd2 g6 35. Bd1 Rh5 36. Rd4 Re7 37. b4 g5 38. hxg5 Rxg5 39. a4 f6 40. b5 axb5 41. cxb5 Be8 42. Rd5 Rge5 43. Be2 Kg7 44. a5 Bf7 45. Rxe5 Rxe5 46. Rd7 Kf8 47. Rxb7 Bd5 48. Rb8+ Ke7 49. a6 1-0

[Event "Verkhnya Salda-ch op"]
[Site "Verkhnya Salda"]
[Date "2009.10.24"]
[Round "2"]
[White "Tretyakov, Evgeny"]
[Black "Trubitsyna, Yulia"]
[Result "1-0"]
[WhiteElo "2215"]
[BlackElo "1996"]
[PlyCount "75"]
[EventDate "2009.10.22"]
[EventType "swiss"]
[EventRounds "9"]
[EventCountry "RUS"]
[SourceTitle "EXT 2022"]
[Source "ChessBase"]
[SourceDate "2021.10.06"]
[SourceVersion "1"]
[SourceVersionDate "2021.10.06"]
[SourceQuality "1"]

1. d4 Nf6 2. Nf3 g6 3. Bg5 Bg7 4. Nbd2 h6 5. Bh4 c5 6. e3 b6 7. c3 0-0 8. Bc4 Bb7 9. 0-0 d6 10. h3 Nbd7 11. Qe2 Ne4 12. Nxe4 Bxe4 13. d5 Bxf3 14. gxf3 Ne5 15. Bb5 a6 16. Ba4 b5 17. Bc2 Qd7 18. Kh2 Nc4 19. Rab1 Kh8 20. f4 e5 21. f5 g5 22. Bxg5 f6 23. Bh4 Qf7 24. e4 Kh7 25. Rg1 Rg8 26. Rg6 Nb6 27. Qh5 Raf8 28. Bxf6 Qxf6 29. Rxf6 Bxf6 30. Rg1 Rxg1 31. Kxg1 Rg8+ 32. Kf1 Rg7 33. b3 b4 34. c4 Nd7 35. Qe8 a5 36. Bd1 Re7 37. Qg6+ Kh8 38. Bh5 1-0

[Event "Gornozavodsk-ch 8th okrug op"]
[Site "Nizhnij Tagil"]
[Date "2007.07.30"]
[Round "6"]
[White "Pogromsky, Mikhail"]
[Black "Tretyakov, Evgeny"]
[Result "1-0"]
[WhiteElo "2415"]
[BlackElo "1970"]
[PlyCount "105"]
[EventDate "2007.07.24"]
[EventType "swiss"]
[EventRounds "9"]
[EventCountry "RUS"]
[SourceTitle "EXT 2022"]
[Source "ChessBase"]
[SourceDate "2021.10.06"]
[SourceVersion "1"]
[SourceVersionDate "2021.10.06"]
[SourceQuality "1"]

1. d4 d5 2. c4 c6 3. Nf3 Nf6 4. Nc3 e6 5. e3 Nbd7 6. Bd3 dxc4 7. Bxc4 b5 8. Bd3 Bb7 9. e4 a6 10. 0-0 c5 11. d5 c4 12. Bc2 Qc7 13. Ng5 h6 14. dxe6 hxg5 15. exd7+ Nxd7 16. h3 f6 17. Nd5 Qc6 18. b3 c3 19. f4 gxf4 20. Bxf4 0-0-0 21. Rf3 b4 22. a3 a5 23. axb4 axb4 24. Kh1 Bd6 25. Rd3 Ne5 26. Rd4 Kb8 27. Nxb4 Qb6 28. Nd5 Qc6 29. Nxc3 Qxc3 30. Rxd6 Rc8 31. Bd3 Qb4 32. Bc4 Bxe4 33. Qd4 Bb7 34. Bxe5 fxe5 35. Qxe5 Rc7 36. Kh2 Rhc8 37. Ba6 g5 38. Bxb7 Kxb7 39. Qd5+ Rc6 40. Rd7+ Kb6 41. Ra4 Qc5 42. Qxc5+ Rxc5 43. Rg4 Re8 44. b4 Rf5 45. Rgd4 Ree5 46. R7d6+ Kb5 47. Rg4 Re2 48. Rh6 Ree5 49. Rh5 Rd5 50. h4 gxh4 51. Rxf5 Rxf5 52. Rxh4 Rf2 53. Rd4 1-0